О произведениях В.И. Ленина (Запись № 7918157)

Подробности
000 -МАРКЕР
контрольное поле 04317nam0a22003851 4500
001 - ИДЕНТИФИКАТОР ЗАПИСИ
контрольное поле rc\3451047
005 - ИДЕНТИФИКАТОР ВЕРСИИ
контрольное поле 20260406112811.0
021 ## - НОМЕР ГОСУДАРСТВЕННОЙ РЕГИСТРАЦИИ
Код страны Российская Федерация
Номер Рг8417-70
021 ## - НОМЕР ГОСУДАРСТВЕННОЙ РЕГИСТРАЦИИ
Код страны Российская Федерация
Номер 70-36192
035 ## - ДРУГИЕ СИСТЕМНЫЕ НОМЕРА
Идентификатор записи (NLR Aleph) 007881076
100 ## - ДАННЫЕ ОБЩЕЙ ОБРАБОТКИ
Данные общей обработки 20130115d1970 |||y0rusy50 ca
101 0# - ЯЗЫК РЕСУРСА
Язык текста, звукозаписи и т.д. русский
102 ## - СТРАНА ПУБЛИКАЦИИ ИЛИ ПРОИЗВОДСТВА
Страна публикации Российская Федерация
105 ## - ПОЛЕ КОДИРОВАННЫХ ДАННЫХ: ТЕКСТОВЫЕ МАТЕРИАЛЫ, МОНОГРАФИЧЕСКИЕ
Кодированные данные о монографическом текстовом документе y z |||||
200 1# - ЗАГЛАВИЕ И СВЕДЕНИЯ ОБ ОТВЕТСТВЕННОСТИ
Основное заглавие О произведениях В.И. Ленина
Сведения, относящиеся к заглавию [Сборник статей]
Первые сведения об ответственности [Под общ. ред. доц. кап. 1-го ранга З.В. Гребельского]
Последующие сведения об ответственности Воен. ордена Ленина Краснознам. акад. бронетанковых войск им. Маршала Советского Союза Малиновского Р.Я.
210 ## - ПУБЛИКАЦИЯ, РАСПРОСТРАНЕНИЕ И ДР.
Место издания, распространения и т.д. Москва
Имя издателя, распространителя и т. д. Б. и.
Дата издания, распространения и т.д. 1970
215 ## - ФИЗИЧЕСКАЯ ХАРАКТЕРИСТИКА
Специфическое обозначение материала и объем 143 с.
Размеры 22
327 1# - ПРИМЕЧАНИЯ О СОДЕРЖАНИИ
Текст примечания Содерж.: Глубоко и творчески овладевать ленинским идейным наследием / Г.П. Якимов. Книга В.И. Ленина "Что делать" / А.П. Булычев. О книге В.И. Ленина "Шаг вперед, два шага назад" / В.Е. Беликов. Книга В.И. Ленина "Две тактики социал-демократии в демократической революции" / С.В. Баранов. О произведении В.И. Ленина "Военная программа пролетарской революции" / З.В. Гребельский. О книге В.И. Ленина "Пролетарская революция и ренегат Каутский"; Последние речи, статьи и письма В.И. Ленина / И.А. Козырев. Книга В.И. Ленина "Детскамя болезнь левизны в коммунизме" / С.И. Смолицкий
464 #0 - АНАЛИТИЧЕСКИЙ УРОВЕНЬ
Встроенное поле 2001#$aО произведении В.И. Ленина "Военная программа пролетарской революции"
-- 700#1$aГребельский$bЗ.В.
Заглавие О произведении В.И. Ленина "Военная программа пролетарской революции"
Автор Гребельский, З.В.
464 #0 - АНАЛИТИЧЕСКИЙ УРОВЕНЬ
Встроенное поле 2001#$aКнига В.И. Ленина "Две тактики социал-демократии в демократической революции"
-- 700#1$aБаранов$bС.В.
Заглавие Книга В.И. Ленина "Две тактики социал-демократии в демократической революции"
Автор Баранов, С.В.
464 #0 - АНАЛИТИЧЕСКИЙ УРОВЕНЬ
Встроенное поле 2001#$aКнига В.И. Ленина "Детская болезнь левизны в коммунизме"
-- 700#1$aСмолинский$bС.И.
Заглавие Книга В.И. Ленина "Детская болезнь левизны в коммунизме"
Автор Смолинский, С.И.
464 #0 - АНАЛИТИЧЕСКИЙ УРОВЕНЬ
Встроенное поле 2001#$aПоследние речи, статьи и письма В.И. Ленина
-- 700#1$aКозырев$bИ.А.
Заглавие Последние речи, статьи и письма В.И. Ленина
Автор Козырев, И.А.
464 #0 - АНАЛИТИЧЕСКИЙ УРОВЕНЬ
Встроенное поле 2001#$aГлубоко и творчески овладевать ленинским идейным наследием
-- 700#1$aЯкимов$bГ.П.
Заглавие Глубоко и творчески овладевать ленинским идейным наследием
Автор Якимов, Г.П.
464 #0 - АНАЛИТИЧЕСКИЙ УРОВЕНЬ
Встроенное поле 2001#$aКнига В.И. Ленина "Что делать"
-- 700#1$aБулычев$bА.П.
Заглавие Книга В.И. Ленина "Что делать"
Автор Булычев, А.П.
464 #0 - АНАЛИТИЧЕСКИЙ УРОВЕНЬ
Встроенное поле 2001#$aО книге В.И. Ленина "Шаг вперед, два шага назад"
-- 700#1$aБеликов$bВ.Е.
Заглавие О книге В.И. Ленина "Шаг вперед, два шага назад"
Автор Беликов, В.Е.
532 10 - РАСШИРЕННОЕ ЗАГЛАВИЕ
Заглавие О произведениях Владимира Ильича Ленина
702 #1 - ИМЯ ЛИЦА - ВТОРИЧНАЯ ОТВЕТСТВЕННОСТЬ
Начальный элемент ввода Гребальский
Часть имени, кроме начального элемента ввода З.В.
Код отношения Редактор
702 #1 - ИМЯ ЛИЦА - ВТОРИЧНАЯ ОТВЕТСТВЕННОСТЬ
Начальный элемент ввода Ленин
Часть имени, кроме начального элемента ввода В.И.
Даты 1870-1924
Расширение инициалов личного имени Владимир Ильич
Код отношения Прочие
712 02 - НАИМЕНОВАНИЕ ОРГАНИЗАЦИИ - ВТОРИЧНАЯ ОТВЕТСТВЕННОСТЬ
Начальный элемент ввода Военная академия бронетанковых войск им. Р. Я. Малиновского
Идентифицирующий признак Москва
Идентификатор авторитетной/нормативной записи RU\NLR\AUTH\888666
Системный номер авторитетной/нормативной записи 289808
801 #0 - ИСТОЧНИК ЗАПИСИ
Страна Российская Федерация
Организация NLR
Правила каталогизации psbo
801 #1 - ИСТОЧНИК ЗАПИСИ
Страна Российская Федерация
Организация ELAR
Источник данных rusmarc
852 ## - МЕСТОНАХОЖДЕНИЕ И ШИФР ХРАНЕНИЯ
Идентификатор организации NLR
Шифр хранения (Call Number) 70-5/2038
942 ## - ДОПОЛНИТЕЛЬНЫЕ ЭЛЕМЕНТЫ ЗАПИСИ (АБИС)
Тип экземпляра АБИС Книга
980 ## - КОЛЛЕКЦИЯ
Название коллекции Национальная библиография
Экземпляры
Тип экземпляра Дата поступления Библиотека постоянного хранения Библиотека текущего хранения Место хранения Шифр хранения Штрих-код Статус экземпляра
Книга 26.10.2013 РНБ (Московский) РНБ (Московский) Русский книжный фонд: издания с 1957 года 70-5/2038 7881076-10